00288cam a22001097a 4500008004000000082001500040100002000055245004500075260002700120300001000147650002100157180718b1963 xxu||||| |||| 00| 0 eng d aR8x73 Su59 aSultan, Paul E. aDisenchanted unionistcby Paul E. Sultan aNew YorkbHarperc1963 a272p. aFormer Unionists